[Event "Mittelfrank Regionalliga Nord-Ost 2122"]
[Site "Mittelfranken"]
[Date "2022.06.26"]
[Round "3.7"]
[White "Zimmermann, Andre"]
[Black "Auer, Guenther"]
[Result "0-1"]
[WhiteElo "1873"]
[BlackElo "1896"]
[PlyCount "76"]
[EventDate "2021.10.24"]
[EventType "team-tourn"]
[EventRounds "9"]
[EventCountry "GER"]
[SourceTitle "EXT 2024"]
[Source "ChessBase"]
[SourceDate "2023.10.10"]
[SourceVersion "1"]
[SourceVersionDate "2023.10.10"]
[SourceQuality "1"]
[WhiteTeam "Windischeschenbach"]
[BlackTeam "Altensittenbach"]
[WhiteTeamCountry "GER"]
[BlackTeamCountry "GER"]

1. d4 e6 2. c4 f5 3. Nc3 Nf6 4. Nf3 Bb4 5. Bg5 0-0 6. e3 b6 7. Be2 Bb7 8. 0-0 Bxc3 9. bxc3 d6 10. c5 Nc6 11. cxd6 cxd6 12. c4 Ne7 13. Qb3 Rb8 14. Rfd1 Ne4 15. Rac1 h6 16. Bh4 g5 17. Bg3 Ng6 18. c5 Bd5 19. Bc4 bxc5 20. Bxd5 Rxb3 21. Bxe6+ Kh8 22. Bxb3 f4 23. Bc2 Re8 24. exf4 gxf4 25. Re1 d5 26. Ne5 Nxe5 27. Bxf4 Nf7 28. f3 Neg5 29. Rxe8+ Qxe8 30. Rb1 Kg7 31. h4 Qe2 32. Bf5 Ne6 33. Bxe6 Qxe6 34. dxc5 d4 35. Rc1 Nd8 36. a4 Nc6 37. Kf1 Qf5 38. Bd6 Qd3+ 0-1

[Event "Regionalliga NO 1112"]
[Site "Bayern"]
[Date "2012.04.15"]
[Round "9.6"]
[White "Zimmermann, Andre"]
[Black "Zauner, Josef"]
[Result "1/2-1/2"]
[WhiteElo "1923"]
[BlackElo "2082"]
[PlyCount "20"]
[EventDate "2011.10.02"]
[EventType "team-tourn"]
[EventRounds "9"]
[EventCountry "GER"]
[SourceTitle "EXT 2015"]
[Source "ChessBase"]
[SourceDate "2014.11.20"]
[SourceVersion "1"]
[SourceVersionDate "2014.11.20"]
[SourceQuality "1"]
[WhiteTeam "Windischeschenbach"]
[BlackTeam "Kareth Lappersdorf"]
[WhiteTeamCountry "GER"]
[BlackTeamCountry "GER"]

1. d4 Nf6 2. Nf3 d5 3. c4 e6 4. Nc3 c5 5. cxd5 exd5 6. Bg5 Be6 7. e3 Nc6 8. Be2 Be7 9. 0-0 Ne4 10. Bxe7 Qxe7 1/2-1/2

[Event "Regionalliga NO 1011"]
[Site "Bayern"]
[Date "2010.10.24"]
[Round "2.5"]
[White "Zimmermann, Andre"]
[Black "Braginsky, Alexej"]
[Result "0-1"]
[WhiteElo "1899"]
[BlackElo "2084"]
[PlyCount "92"]
[EventDate "2010.10.10"]
[EventType "team-tourn"]
[EventRounds "9"]
[EventCountry "GER"]
[SourceTitle "EXT 2012"]
[Source "ChessBase"]
[SourceDate "2011.11.24"]
[SourceVersion "1"]
[SourceVersionDate "2011.11.24"]
[SourceQuality "1"]
[WhiteTeam "Windischeschenbach"]
[BlackTeam "Fuerth"]
[WhiteTeamCountry "GER"]
[BlackTeamCountry "GER"]

1. d4 Nf6 2. c4 g6 3. Nc3 d5 4. Qb3 dxc4 5. Qxc4 a6 6. Nf3 b5 7. Qb3 Be6 8. Qc2 Bg4 9. e4 Bxf3 10. gxf3 Qxd4 11. Be3 Qd7 12. Rd1 Qc6 13. Qd3 Nbd7 14. Bg2 Bg7 15. 0-0 Qe6 16. f4 c6 17. e5 Nh5 18. Ne2 Bxe5 19. fxe5 Nxe5 20. Qd4 0-0 21. Nf4 Qf5 22. Bh3 Nf3+ 23. Kh1 Nxd4 24. Bxf5 Nxf5 25. Nxh5 Nxe3 26. fxe3 gxh5 27. Rd7 Rfe8 28. Rfd1 Kf8 29. Kg2 Rec8 30. R7d4 Ke8 31. Rh4 Rd8 32. Rc1 Rac8 33. Rc2 Rd5 34. e4 Rg5+ 35. Kf3 e5 36. Rh3 Rd8 37. Ke3 Rd6 38. Rf3 f6 39. Rf1 Kd7 40. Rcf2 Rg6 41. Rf5 Rg2 42. Rxh5 Rxb2 43. Rxh7+ Ke6 44. Rh6 Kf7 45. Rg1 Rxa2 46. Rh7+ Ke6 0-1

[Event "Regionalliga NO 0910"]
[Site "Bayern"]
[Date "2010.04.11"]
[Round "9.8"]
[White "Braun, Robert"]
[Black "Zimmermann, Andre"]
[Result "1-0"]
[WhiteElo "1921"]
[BlackElo "1899"]
[PlyCount "43"]
[EventDate "2009.10.18"]
[EventType "team-tourn"]
[EventRounds "9"]
[EventCountry "GER"]
[SourceTitle "EXT 2011"]
[Source "ChessBase"]
[SourceDate "2010.11.26"]
[SourceVersion "1"]
[SourceVersionDate "2010.11.26"]
[SourceQuality "1"]
[WhiteTeam "Buechenbach/Roth"]
[BlackTeam "Windischeschenbach"]
[WhiteTeamCountry "GER"]
[BlackTeamCountry "GER"]

1. e4 e6 2. d4 d5 3. e5 c5 4. c3 Nc6 5. Nf3 Bd7 6. Be2 f6 7. 0-0 fxe5 8. dxe5 Qc7 9. Re1 Be7 10. Na3 0-0-0 11. Nb5 Qb6 12. b4 c4 13. a4 Rf8 14. Be3 Qa6 15. Nd6+ Bxd6 16. b5 Qa5 17. bxc6 Bxc6 18. exd6 Nf6 19. Qd4 b6 20. Ne5 Bd7 21. Reb1 Rhg8 22. Bxc4 1-0

[Event "Regionalliga NO 0910"]
[Site "Bayern"]
[Date "2010.02.28"]
[Round "7.8"]
[White "Walter, Thomas"]
[Black "Zimmermann, Andre"]
[Result "1-0"]
[WhiteElo "2127"]
[BlackElo "1899"]
[PlyCount "107"]
[EventDate "2009.10.18"]
[EventType "team-tourn"]
[EventRounds "9"]
[EventCountry "GER"]
[SourceTitle "EXT 2011"]
[Source "ChessBase"]
[SourceDate "2010.11.26"]
[SourceVersion "1"]
[SourceVersionDate "2010.11.26"]
[SourceQuality "1"]
[WhiteTeam "Erlangen"]
[BlackTeam "Windischeschenbach"]
[WhiteTeamCountry "GER"]
[BlackTeamCountry "GER"]

1. e4 e6 2. b3 d5 3. Bb2 Nf6 4. exd5 exd5 5. Nf3 Be7 6. Bb5+ c6 7. Bd3 0-0 8. 0-0 Nbd7 9. Bf5 Ne4 10. d3 Bf6 11. c3 Nd6 12. Bh3 Re8 13. Na3 Nf8 14. Bxc8 Qxc8 15. Qd2 Ng6 16. Rae1 Qg4 17. h3 Qf4 18. Bc1 Qxd2 19. Bxd2 Rxe1 20. Rxe1 Re8 21. Rxe8+ Nxe8 22. Kf1 Nc7 23. Ke2 Ne6 24. g3 Ne5 25. Ne1 Be7 26. Nac2 f5 27. f4 Nf7 28. Nf3 Bf6 29. Be3 Bxc3 30. Bxa7 Nd6 31. a4 b5 32. Nfd4 Nxd4+ 33. Bxd4 Bxd4 34. Nxd4 bxa4 35. bxa4 c5 36. Nc6 Kf7 37. a5 Nb5 38. a6 Ke6 39. a7 Nc7 40. g4 fxg4 41. hxg4 Kd7 42. Nb8+ Kd6 43. f5 h6 44. Ke3 Na8 45. d4 c4 46. Na6 Nb6 47. Nc5 Ke7 48. Na4 Na8 49. Kf4 Kf6 50. Nc3 Nb6 51. Kf3 Na8 52. Nxd5+ Kg5 53. Nc3 h5 54. Ne4+ 1-0

[Event "Regionalliga NO 0910"]
[Site "Bayern"]
[Date "2009.11.15"]
[Round "2.8"]
[White "Zimmermann, Andre"]
[Black "Eichinger, Christoph"]
[Result "1-0"]
[WhiteElo "1899"]
[BlackElo "1848"]
[PlyCount "125"]
[EventDate "2009.10.18"]
[EventType "team-tourn"]
[EventRounds "9"]
[EventCountry "GER"]
[SourceTitle "EXT 2011"]
[Source "ChessBase"]
[SourceDate "2010.11.26"]
[SourceVersion "1"]
[SourceVersionDate "2010.11.26"]
[SourceQuality "1"]
[WhiteTeam "Windischeschenbach"]
[BlackTeam "Kareth Lappersdorf"]
[WhiteTeamCountry "GER"]
[BlackTeamCountry "GER"]

1. d4 d5 2. Nf3 Nf6 3. c4 c6 4. Nc3 dxc4 5. a4 Bf5 6. Bg5 Nbd7 7. e3 Qb6 8. Qc1 e6 9. Nd2 Bb4 10. Nxc4 Qd8 11. Be2 h6 12. Bh4 Nb6 13. 0-0 Nxc4 14. Bxc4 Qc7 15. Bg3 Bd6 16. Bxd6 Qxd6 17. f3 Rd8 18. Ne2 Qb4 19. e4 Bh7 20. Qc3 Qb6 21. Kh1 0-0 22. b4 Rc8 23. Rac1 Rfd8 24. Qb3 Qc7 25. Rfd1 Qe7 26. Nf4 Kh8 27. Nd3 Rxd4 28. Qc3 Rcd8 29. Bd5 Rxd3 30. Rxd3 exd5 31. Qd4 Re8 32. b5 dxe4 33. Re3 cxb5 34. axb5 Rd8 35. Qxa7 Nd5 36. Ree1 Nf4 37. Rcd1 Nd3 38. Qb6 Nf2+ 39. Qxf2 Rxd1 40. Rxd1 e3 41. Qe2 Bf5 42. Re1 Qc5 43. Qxe3 Qxb5 44. Qe8+ Qxe8 45. Rxe8+ Kh7 46. Rb8 Be6 47. Rxb7 g5 48. Kg1 Kg7 49. Kf2 Bf5 50. Ke3 Bg6 51. Kd4 Bc2 52. Ke5 Bd3 53. g3 Bc2 54. Rb6 Bd3 55. f4 Bc2 56. h4 Bd1 57. f5 Be2 58. f6+ Kg6 59. Rb7 Bg4 60. hxg5 hxg5 61. Rb8 Be6 62. Rg8+ Kh5 63. Kd6 1-0

[Event "Regionalliga NO 0708"]
[Site "Bayern"]
[Date "2007.12.09"]
[Round "4.4"]
[White "Seidl, Juergen"]
[Black "Zimmermann, Andre"]
[Result "0-1"]
[WhiteElo "2097"]
[BlackElo "1972"]
[PlyCount "36"]
[EventDate "2007.10.21"]
[EventType "team-tourn"]
[EventRounds "9"]
[EventCountry "GER"]
[SourceTitle "EXT 2009"]
[Source "ChessBase"]
[SourceDate "2008.11.26"]
[SourceVersion "1"]
[SourceVersionDate "2008.11.26"]
[SourceQuality "1"]
[WhiteTeam "Kareth Lappersdorf"]
[BlackTeam "Windischeschenbach"]
[WhiteTeamCountry "GER"]
[BlackTeamCountry "GER"]

1. d4 Nf6 2. c4 g6 3. Nc3 Bg7 4. e4 d6 5. f3 0-0 6. Bg5 Nc6 7. Nge2 a6 8. Qd2 Bd7 9. Bh6 e5 10. d5 Na5 11. Ng3 b5 12. Bxg7 Kxg7 13. cxb5 axb5 14. Nxb5 Nb3 15. Qd1 Nxa1 16. Qxa1 Qb8 17. Nc3 Qb4 18. Qc1 Rxa2 0-1

[Event "Oberpfalz-ch M1"]
[Site "Regensburg"]
[Date "2006.04.09"]
[Round "4.11"]
[White "Wltschek, Christian"]
[Black "Zimmermann, Andre"]
[Result "1-0"]
[WhiteElo "1857"]
[BlackElo "1903"]
[PlyCount "59"]
[EventDate "2006.04.08"]
[EventType "swiss"]
[EventRounds "8"]
[EventCountry "GER"]
[SourceTitle "EXT 2022"]
[Source "ChessBase"]
[SourceDate "2021.10.06"]
[SourceVersion "1"]
[SourceVersionDate "2021.10.06"]
[SourceQuality "1"]

1. e4 e6 2. d4 d5 3. Nc3 Nf6 4. Bg5 Be7 5. e5 Nfd7 6. Bxe7 Qxe7 7. f4 a6 8. Nf3 c5 9. Bd3 Nc6 10. dxc5 Nxc5 11. Qd2 b5 12. 0-0-0 0-0 13. Qe3 g6 14. g4 Bd7 15. h4 Rac8 16. Kb1 b4 17. Ne2 b3 18. axb3 Nb4 19. h5 Qd8 20. Nc3 Qa5 21. Nd4 Ncxd3 22. cxd3 Bb5 23. Rh2 Rc7 24. hxg6 fxg6 25. Nxe6 Rd8 26. Nxd8 d4 27. Qxd4 Rd7 28. Nb7 Rxb7 29. e6 Nc6 30. Qd5 1-0

[Event "Oberpfalz-ch M1"]
[Site "Regensburg"]
[Date "2006.04.08"]
[Round "2.6"]
[White "Muehlbauer, Andreas"]
[Black "Zimmermann, Andre"]
[Result "1-0"]
[WhiteElo "2080"]
[BlackElo "1903"]
[PlyCount "61"]
[EventDate "2006.04.08"]
[EventType "swiss"]
[EventRounds "8"]
[EventCountry "GER"]
[SourceTitle "EXT 2022"]
[Source "ChessBase"]
[SourceDate "2021.10.06"]
[SourceVersion "1"]
[SourceVersionDate "2021.10.06"]
[SourceQuality "1"]

1. e4 e6 2. d4 d5 3. Nd2 Nf6 4. e5 Nfd7 5. Bd3 c5 6. c3 Nc6 7. Ne2 cxd4 8. cxd4 f6 9. exf6 Nxf6 10. 0-0 Bd6 11. Nf3 Qc7 12. Bg5 0-0 13. Nc3 a6 14. Bh4 g6 15. Re1 Nh5 16. Bg3 Nf4 17. Rc1 Qg7 18. Bb1 g5 19. Ne2 g4 20. Ne5 Nxe5 21. dxe5 Bxe5 22. Nxf4 Bxf4 23. Bxf4 Rxf4 24. Qd2 Qf7 25. g3 Rf6 26. Qg5+ Kh8 27. Qxg4 Rxf2 28. Qd4+ Rf6 29. Rf1 Kg7 30. Rxf6 Qxf6 31. Rc7+ 1-0